<?xml version="1.0" encoding="UTF-8"?>
<collection xmlns="http://www.loc.gov/MARC21/slim">
 <record>
  <leader>01237nam a22002057a 4500</leader>
  <controlfield tag="001">NCT_69089</controlfield>
  <controlfield tag="008">190912b        xxu||||| |||| 00| 0 vie d</controlfield>
  <datafield tag="999" ind1=" " ind2=" ">
   <subfield code="c">3346</subfield>
   <subfield code="d">3346</subfield>
  </datafield>
  <datafield tag="020" ind1=" " ind2=" ">
   <subfield code="a">9786048672003</subfield>
   <subfield code="c">179000</subfield>
  </datafield>
  <datafield tag="082" ind1="0" ind2="4">
   <subfield code="2">23rd ed.</subfield>
   <subfield code="a">133.54</subfield>
   <subfield code="b">H401</subfield>
  </datafield>
  <datafield tag="100" ind1="1" ind2=" ">
   <subfield code="a">Thiệu Vĩ Hoa</subfield>
  </datafield>
  <datafield tag="245" ind1="1" ind2="0">
   <subfield code="a">Tìm hiểu nhân tướng học theo Kinh Dịch</subfield>
   <subfield code="c">Thiệu Vĩ Hoa ; Cổ Đồ Thư (dịch, chú giải)</subfield>
  </datafield>
  <datafield tag="260" ind1=" " ind2=" ">
   <subfield code="a">H.</subfield>
   <subfield code="b">Hồng Đức</subfield>
   <subfield code="c">2016</subfield>
  </datafield>
  <datafield tag="300" ind1=" " ind2=" ">
   <subfield code="a">359 tr.</subfield>
   <subfield code="b">minh họa</subfield>
   <subfield code="c">27cm</subfield>
  </datafield>
  <datafield tag="520" ind1="3" ind2=" ">
   <subfield code="a">Sách giải thích và chú giải chi tiết về ý nghĩa nhân tướng học của từng bộ phận theo Kinh Dịch như: xương đầu và xương mặt, 12 cung, 13 bộ vị, ngũ hình, tai, trán, ấn đường, lông mày, mắt, mũi, gò má, nhân trung, pháp lệnh, miệng, môi, lưỡi, răng, địa các, tai cốt...</subfield>
  </datafield>
  <datafield tag="653" ind1=" " ind2=" ">
   <subfield code="a">Sách tham khảo</subfield>
  </datafield>
  <datafield tag="700" ind1="1" ind2=" ">
   <subfield code="a">Cổ Đồ Thư </subfield>
   <subfield code="e">Dịch, chú giải</subfield>
  </datafield>
  <datafield tag="942" ind1=" " ind2=" ">
   <subfield code="2">ddc</subfield>
   <subfield code="c">BK</subfield>
  </datafield>
  <datafield tag="952" ind1=" " ind2=" ">
   <subfield code="0">0</subfield>
   <subfield code="1">0</subfield>
   <subfield code="2">ddc</subfield>
   <subfield code="4">0</subfield>
   <subfield code="6">133_540000000000000_H401</subfield>
   <subfield code="7">0</subfield>
   <subfield code="9">17825</subfield>
   <subfield code="a">000001</subfield>
   <subfield code="b">000001</subfield>
   <subfield code="d">2019-09-12</subfield>
   <subfield code="o">133.54 H401</subfield>
   <subfield code="p">TK.00891</subfield>
   <subfield code="r">2019-09-12</subfield>
   <subfield code="v">179000.00</subfield>
   <subfield code="w">2019-09-12</subfield>
   <subfield code="y">BK</subfield>
  </datafield>
  <datafield tag="980" ind1=" " ind2=" ">
   <subfield code="a">Thư viện Trường Đại học Nam Cần Thơ</subfield>
  </datafield>
 </record>
</collection>
